00293nam a2200121Ia 4500008004100000100002000041245003800061260002700099300000900126650001200135942000700147999001700154190216s9999||||xx |||||||||||||| ||und|| a"Serway,Jewett" 0aPhysics A Calculus-Based Approach bCengage Learningc2008 a1057 aPhysics cBK c34590d34590